20 Biggest Cities in Rhode Island - Statistics

General Stats
  • This quiz has been taken 86 times
  • The average score is 10 of 20
Answer Stats
Hint Answer % Correct
190,807 Providence
100%
75,267 Pawtucket
85%
83,047 Warwick
85%
24,585 Newport
81%
46,850 East Providence
79%
82,572 Cranston
77%
33,952 North Providence
63%
43,127 Woonsocket
63%
22,541 Central Falls
42%
31,207 West Warwick
42%
22,030 Bristol
38%
35,783 Coventry
38%
27,753 North Kingstown
38%
29,850 Johnston
33%
31,980 South Kingstown
33%
23,154 Westerly
33%
36,790 Cumberland
29%
22,183 Smithfield
29%
17,264 Portsmouth
27%
23,090 Lincoln
21%
No matching quizzes found
Score Distribution
Percent of People with Each Score
Percentile by Number Answered
Your Score History
You have not taken this quiz